Eksperimental'noje polučenije poleznych form mikroorganizmov.
Uložené v:
| Médium: | Kniha |
|---|---|
| Jazyk: | Russian |
| Vydané: |
Moskva, :
Akademija nauk SSSR,
1961.
|
| Edícia: | Trudy Instituta mikrobiologii
Vyp. 10 |
| ISBN: |
(brož.) |
| Fyzický popis: |
198 s. |
| Tagy: |
Pridať tag
Žiadne tagy, Buďte prvý kto otaguje tento záznam!
|
Titul je dostupný aj v ... 

MARC
| LEADER | 00000nam a2200000 a 4500 | ||
|---|---|---|---|
| 001 | 000469839 | ||
| 005 | 20150517182523.0 | ||
| 008 | 030529s1961 ru f rus | ||
| 020 | |a (brož.) |c Kčs 11,40 | ||
| 040 | |a SVKKK |b slo |c SVKKK |e AACR2 | ||
| 041 | 0 | |a rus | |
| 044 | |a ru |c RU | ||
| 245 | 0 | 0 | |a Eksperimental'noje polučenije poleznych form mikroorganizmov. |
| 260 | |a Moskva, : |b Akademija nauk SSSR, |c 1961. | ||
| 300 | |a 198 s. | ||
| 490 | 1 | |a Trudy Instituta mikrobiologii |v Vyp. 10 | |
| 830 | 0 | |a Trudy Instituta mikrobiologii |v Vyp. 10 | |
| 910 | |a svkkk | ||
| 998 | |a BK | ||
| 090 | |g SCKHL |k Sklad Pribinova 1. posch. |a IV.25732 |j 302772 |i 469839-10 |s Absenčne | ||